전 세계 나라들의 모양 - Statistics

General Stats
  • This quiz has been taken 3 times
  • The average score is 6 of 196
Answer Stats
Picture Answer % Correct
미국
100%
캐나다
50%
일본
50%
중국
50%
영국
50%
인도네시아
50%
러시아
50%
인도
50%
튀르키예
50%
대한민국
50%
그리스
0%
프랑스
0%
오스트레일리아
0%
필리핀
0%
노르웨이
0%
쿠바
0%
이탈리아
0%
덴마크
0%
아이슬란드
0%
에스토니아
0%
뉴질랜드
0%
칠레
0%
몰타
0%
베트남
0%
크로아티아
0%
말레이시아
0%
아이티
0%
방글라데시
0%
북한
0%
우즈베키스탄
0%
태국
0%
에리트레아
0%
몰디브
0%
라오스
0%
파나마
0%
포르투갈
0%
독일
0%
카자흐스탄
0%
아제르바이잔
0%
멕시코
0%
자메이카
0%
카보베르데
0%
콩고공화국
0%
스페인
0%
바하마
0%
타지키스탄
0%
우크라이나
0%
미얀마
0%
스위스
0%
오스트리아
0%
아르헨티나
0%
파키스탄
0%
세이셸
0%
키르기스스탄
0%
코스타리카
0%
콜롬비아
0%
말라위
0%
키프로스
0%
대만
0%
베네수엘라
0%
스웨덴
0%
벨기에
0%
에콰도르
0%
모잠비크
0%
이스라엘
0%
몬테네그로
0%
감비아
0%
동티모르
0%
네팔
0%
세인트킷츠네비스
0%
브라질
0%
아랍에미리트
0%
몰도바
0%
기니
0%
싱가포르
0%
코모로
0%
앤티가바부다
0%
아르메니아
0%
네덜란드
0%
카메룬
0%
쿠웨이트
0%
투르크메니스탄
0%
세네갈
0%
토고
0%
브루나이
0%
소말리아
0%
캄보디아
0%
룩셈부르크
0%
콩고민주공화국
0%
온두라스
0%
페루
0%
남아프리카공화국
0%
슬로바키아
0%
아프가니스탄
0%
세르비아
0%
이란
0%
핀란드
0%
피지
0%
아일랜드
0%
코소보
0%
체코
0%
레바논
0%
파푸아뉴기니
0%
가봉
0%
상투메프린시페
0%
중앙아프리카공화국
0%
몽골
0%
그레나다
0%
보스니아헤르체고비나
0%
잠비아
0%
말리
0%
불가리아
0%
라트비아
0%
라이베리아
0%
바레인
0%
볼리비아
0%
코트디부아르
0%
알바니아
0%
벨라루스
0%
튀니지
0%
세인트루시아
0%
과테말라
0%
마다가스카르
0%
가이아나
0%
베냉
0%
슬로베니아
0%
사모아
0%
오만
0%
파라과이
0%
부르키나파소
0%
남수단
0%
앙골라
0%
나미비아
0%
리히텐슈타인
0%
벨리즈
0%
니카라과
0%
엘살바도르
0%
부룬디
0%
카타르
0%
폴란드
0%
모로코
0%
모리타니
0%
시리아
0%
기니비사우
0%
이라크
0%
루마니아
0%
지부티
0%
수단
0%
헝가리
0%
모리셔스
0%
에스와티니
0%
조지아
0%
도미니카공화국
0%
안도라
0%
르완다
0%
우간다
0%
요르단
0%
탄자니아
0%
가나
0%
도미니카
0%
리투아니아
0%
우루과이
0%
케냐
0%
차드
0%
스리랑카
0%
레소토
0%
보츠와나
0%
수리남
0%
이집트
0%
나이지리아
0%
니제르
0%
트리니다드토바고
0%
시에라리온
0%
예멘
0%
에티오피아
0%
적도기니
0%
부탄
0%
솔로몬제도
0%
짐바브웨
0%
북마케도니아
0%
사우디아라비아
0%
알제리
0%
팔라우
0%
세인트빈센트그레나딘
0%
리비아
0%
모나코
0%
산마리노
0%
바티칸
0%
키리바시
0%
바누아투
0%
통가
0%
나우루
0%
바베이도스
0%
투발루
0%
미크로네시아
0%
마셜제도
0%
No matching quizzes found
Score Distribution
Percent of People with Each Score
Percentile by Number Answered
Your Score History
You have not taken this quiz